Normal view
MARC view
- CRUFT, LABORATORY
Entry Personal Name
001 - CONTROL NUMBER
- control field: 57265
003 - CONTROL NUMBER IDENTIFIER
- control field: NUST
005 - DATE AND TIME OF LATEST TRANSACTION
- control field: 20210628201902.0
008 - FIXED-LENGTH DATA ELEMENTS
- fixed length control field: 210628|| aca||aabn | a|a d
040 ## - CATALOGING SOURCE
- Original cataloging agency: NUST
- Transcribing agency: NUST
100 ## - HEADING--PERSONAL NAME
- Personal name: CRUFT, LABORATORY
670 ## - SOURCE DATA FOUND
- Source citation: Work cat.: (NUST): CRUFT, LABORATORY, ELECTRONIC CIRCUITS AND TUBES, 1947
